[Event "4NCL/Div2/WES1 vs. WWKS"]
[Site "Telford ENG"]
[Date "2003.01.18"]
[Round "3.1"]
[White "Webb, Richard M"]
[Black "Hynes, Anthony"]
[Result "1/2-1/2"]
[WhiteElo "2372"]
[BlackElo "2216"]
[PlyCount "74"]
[EventDate "2003.01.18"]

1. Nf3 Nf6 2. g3 g6 3. Bg2 Bg7 4. O-O O-O 5. c4 d6 6. d4 Nc6 7. Nc3 e5 8. d5
Ne7 9. e4 Ne8 10. Ne1 f5 11. Nd3 Nf6 12. f4 Nxe4 13. Nxe4 fxe4 14. Bxe4 Bh3 15.
Bg2 Bxg2 16. Kxg2 c6 17. dxc6 Nxc6 18. Be3 d5 19. Nxe5 d4 20. Nxc6 bxc6 21. Bg1
Qd7 22. Qd3 c5 23. b3 a5 24. Rad1 a4 25. Qf3 axb3 26. axb3 Ra2+ 27. Rf2 Ra3 28.
Rd3 Rb8 29. Re2 Bf6 30. Bf2 Kf7 31. g4 Qb7 32. Qxb7+ Rxb7 33. Rb2 Rb4 34. Rh3
d3 35. Rd2 Raxb3 36. Rdxd3 Rxd3 37. Rxd3 Rxc4 1/2-1/2

[Event "4NCL/Div2/WES1 vs. WWKS"]
[Site "Telford ENG"]
[Date "2003.01.18"]
[Round "3.2"]
[White "Thomas, Nicholas"]
[Black "Rossiter, Philip J"]
[Result "1/2-1/2"]
[WhiteElo "2256"]
[BlackElo "2374"]
[PlyCount "41"]
[EventDate "2003.01.18"]

1. e4 c5 2. Nc3 e6 3. g3 d5 4. exd5 exd5 5. Bg2 Nf6 6. Nge2 d4 7. Ne4 Nxe4 8.
Bxe4 Bd6 9. d3 Nd7 10. O-O O-O 11. Bf4 Ne5 12. b4 cxb4 13. Nxd4 Bg4 14. Qd2 Qb6
15. Be3 Bc5 16. Nb3 Bxe3 17. Qxe3 Qc7 18. f4 Nd7 19. Rf2 Rfe8 20. Qd4 a5 21. f5
1/2-1/2

[Event "4NCL/Div2/WES1 vs. WWKS"]
[Site "Telford ENG"]
[Date "2003.01.18"]
[Round "3.3"]
[White "Simons, Martin J"]
[Black "Mason, Don"]
[Result "0-1"]
[WhiteElo "2262"]
[BlackElo "2256"]
[PlyCount "64"]
[EventDate "2003.01.18"]

1. e4 e6 2. d4 d5 3. Nd2 Nf6 4. e5 Nfd7 5. Bd3 c5 6. c3 Nc6 7. Ne2 cxd4 8. cxd4
f6 9. Nf4 Nxd4 10. Qh5+ Ke7 11. exf6+ Nxf6 12. Ng6+ hxg6 13. Qxh8 Kf7 14. O-O
e5 15. Nb3 Nxb3 16. axb3 e4 17. Be2 Qb6 18. Be3 d4 19. Bc4+ Be6 20. Bxe6+ Kxe6
21. Bg5 Kf7 22. Qh4 Re8 23. Rac1 Kg8 24. Kh1 Re5 25. Rc8 Qb5 26. Rfc1 Rxg5 27.
Rd8 Rc5 28. Rd1 d3 29. Qg3 Qxb3 30. Re1 Rd5 31. Rxd5 Qxd5 32. Qxg6 d2 0-1

[Event "4NCL/Div2/WES1 vs. WWKS"]
[Site "Telford ENG"]
[Date "2003.01.18"]
[Round "3.4"]
[White "Wu, Li"]
[Black "Corkett, Anthony R"]
[Result "0-1"]
[WhiteElo "2166"]
[BlackElo "2313"]
[PlyCount "92"]
[EventDate "2003.01.18"]

1. d4 Nf6 2. Bg5 d5 3. Bxf6 exf6 4. e3 g6 5. g3 Bg7 6. Bg2 O-O 7. Ne2 c6 8. Nd2
Nd7 9. O-O f5 10. Nf4 Nf6 11. c4 dxc4 12. Nxc4 g5 13. Nd3 Be6 14. Nce5 Bd5 15.
Bxd5 Nxd5 16. Qf3 Ne7 17. b4 f6 18. Nc4 b6 19. Rfc1 Qd7 20. a4 Nd5 21. a5 Rfe8
22. Ra2 Bf8 23. Rb2 Rab8 24. Rcb1 Qe6 25. axb6 axb6 26. Nd2 Nc3 27. Rc1 g4 28.
Qg2 Ne2+ 29. Kf1 Nxc1 30. Nxc1 Qd5 31. Nd3 Ra8 32. Qxd5+ cxd5 33. Nf4 Red8 34.
Kg2 Bh6 35. Nd3 Rdc8 36. b5 Ra1 37. Nb3 Ra4 38. Nd2 Kf7 39. Nb4 Ke6 40. Nc6
Rca8 41. Nb1 Ra2 42. Rb3 Rc2 43. Nb4 Rc1 44. Na3 Rac8 45. Nc6 Bf8 46. Nb1 Ra8
0-1

[Event "4NCL/Div2/WES1 vs. WWKS"]
[Site "Telford ENG"]
[Date "2003.01.18"]
[Round "3.5"]
[White "Yeo, Michael J"]
[Black "Pitcher, John"]
[Result "0-1"]
[WhiteElo "2251"]
[BlackElo "2130"]
[PlyCount "70"]
[EventDate "2003.01.18"]

1. e4 c5 2. Nf3 e6 3. d4 cxd4 4. Nxd4 a6 5. c4 Nf6 6. Nc3 Qc7 7. Nc2 b6 8. Qe2
d6 9. g4 Bb7 10. g5 Nfd7 11. h4 Nc6 12. b3 O-O-O 13. Rh3 Kb8 14. Bf4 g6 15.
O-O-O Nce5 16. Bh2 Bg7 17. Bg2 Ka8 18. f4 Nc6 19. f5 Be5 20. Bxe5 Ndxe5 21. Kb2
h5 22. a4 Rhe8 23. b4 Na7 24. Ne3 Rc8 25. Kb3 a5 26. fxe6 fxe6 27. Nb5 Nxb5 28.
axb5 axb4 29. Rd4 Qc5 30. Nc2 Rf8 31. Rh1 Ng4 32. e5 d5 33. Bxd5 exd5 34. e6
dxc4+ 35. Rxc4 Rf3+ 0-1

[Event "4NCL/Div2/WES1 vs. WWKS"]
[Site "Telford ENG"]
[Date "2003.01.18"]
[Round "3.6"]
[White "Hunt, Malcolm A"]
[Black "Upton, Ian J"]
[Result "1/2-1/2"]
[WhiteElo "1960"]
[BlackElo "2224"]
[PlyCount "70"]
[EventDate "2003.01.18"]

1. d4 e6 2. Nf3 f5 3. Bg5 Be7 4. Bxe7 Qxe7 5. c3 Nf6 6. Nbd2 b6 7. e3 Bb7 8.
Bd3 Ne4 9. O-O O-O 10. Qc2 Nxd2 11. Nxd2 Nc6 12. e4 fxe4 13. Bxe4 g6 14. Rae1
Qg7 15. Re3 Nd8 16. Rfe1 Bxe4 17. Qxe4 Nf7 18. Nf3 Nd6 19. Qe5 Qh6 20. Qg5 Qxg5
21. Nxg5 Rf5 22. Ne4 Raf8 23. Nxd6 cxd6 24. R1e2 b5 25. a3 Rc8 26. h4 a5 27. g4
Rf4 28. Re4 Rxe4 29. Rxe4 d5 30. Re3 Kg7 31. Kg2 h6 32. Kg3 g5 33. hxg5 hxg5
34. f4 Rf8 35. f5 Rf6 1/2-1/2

[Event "4NCL/Div2/WES1 vs. WWKS"]
[Site "Telford ENG"]
[Date "2003.01.18"]
[Round "3.7"]
[White "Khoo, Teresa"]
[Black "Chevannes, Sabrina"]
[Result "1-0"]
[WhiteElo "2108"]
[BlackElo "1972"]
[PlyCount "101"]
[EventDate "2003.01.18"]

1. e4 c6 2. d4 d5 3. Nc3 g6 4. h3 Bg7 5. Nf3 Nh6 6. Be2 O-O 7. O-O f6 8. Bf4
Nf7 9. Bh2 Re8 10. Re1 b6 11. Bd3 dxe4 12. Bxe4 f5 13. Bd3 Bxd4 14. Bc4 Bf6 15.
Ne5 e6 16. Qe2 a5 17. a4 Bxe5 18. Bxe5 Nd7 19. Bh2 Nc5 20. Rad1 Qe7 21. Qf3 Bd7
22. Bc7 Ng5 23. Qe3 Nge4 24. Nxe4 Nxe4 25. Qxb6 Nf6 26. Qb3 Nd5 27. Bg3 Qc5 28.
Be5 Bc8 29. Bd4 Qe7 30. Qg3 f4 31. Qf3 g5 32. Qe4 Qd6 33. Bd3 Re7 34. Qf3 e5
35. Qh5 exd4 36. Qxg5+ Rg7 37. Re8+ Qf8 38. Rxf8+ Kxf8 39. Qd8+ Kf7 40. Re1 Be6
41. Qxa8 f3 42. Qa7+ Kf6 43. Qc5 Rxg2+ 44. Kf1 Rh2 45. Qxd4+ Kf7 46. Kg1 Rg2+
47. Kh1 Bxh3 48. Qh4 Bc8 49. Qh5+ Kg7 50. Qxh7+ Kf6 51. Qh8+ 1-0

[Event "4NCL/Div2/WES1 vs. WWKS"]
[Site "Telford ENG"]
[Date "2003.01.18"]
[Round "3.8"]
[White "Cooper, David M"]
[Black "Pye, David E"]
[Result "1-0"]
[WhiteElo "1880"]
[BlackElo "2080"]
[PlyCount "99"]
[EventDate "2003.01.18"]

1. e4 Nc6 2. Nf3 d6 3. d4 Nf6 4. Nc3 a6 5. Be2 g6 6. O-O Bg7 7. a4 O-O 8. h3 e5
9. dxe5 dxe5 10. Qxd8 Rxd8 11. Bg5 Be6 12. Rfd1 Nd4 13. Nxd4 exd4 14. Nb1 h6
15. Bxf6 Bxf6 16. Nd2 b6 17. Bd3 g5 18. Rf1 Kg7 19. Rae1 Be5 20. Bc4 Bf4 21.
Rd1 Bxd2 22. Bxe6 fxe6 23. Rxd2 c5 24. f4 gxf4 25. Rxf4 Rf8 26. Rdf2 Rxf4 27.
Rxf4 Rf8 28. g3 e5 29. Rxf8 Kxf8 30. b3 b5 31. axb5 axb5 32. Kf2 h5 33. Ke2 c4
34. bxc4 bxc4 35. Kd2 Kf7 36. Ke2 Kf6 37. Kf2 Kg5 38. Kf3 Kg6 39. Ke2 Kh6 40.
Kf2 Kg5 41. Kf3 Kf6 42. Kf2 Ke7 43. Ke1 Kd6 44. Kd2 Kc5 45. Ke2 Kb4 46. Kd2 Ka3
47. g4 hxg4 48. hxg4 Kb2 49. g5 d3 50. c3 1-0

[Event "4NCL/Div2/AD2 vs. SWD2"]
[Site "Telford ENG"]
[Date "2003.01.18"]
[Round "3.1"]
[White "Moskovic, David M"]
[Black "James, David J"]
[Result "1/2-1/2"]
[WhiteElo "2251"]
[BlackElo "2253"]
[PlyCount "106"]
[EventDate "2003.01.18"]

1. e4 c5 2. Nf3 d6 3. d4 cxd4 4. Nxd4 Nf6 5. Nc3 a6 6. Be3 e5 7. Nf3 Be7 8. Bc4
O-O 9. Qd3 Nc6 10. a3 b5 11. Bd5 Nxd5 12. Nxd5 Be6 13. O-O Bxd5 14. Qxd5 Rc8
15. Rfc1 Na5 16. b3 Qc7 17. Bd2 Qb6 18. a4 b4 19. c3 bxc3 20. Rxc3 Rxc3 21.
Bxc3 Nc6 22. Rc1 Rb8 23. Bd2 Nb4 24. Qc4 a5 25. h3 h6 26. Qc7 Bf8 27. Qxb6 Rxb6
28. Kf1 f6 29. Rb1 Kf7 30. Nh4 Ke6 31. Ng6 Kf7 32. Nxf8 Kxf8 33. Rc1 Nc6 34.
Be3 Ra6 35. Ke2 Ke7 36. Kd3 Kd7 37. Kc4 Ra8 38. Kb5 Rb8+ 39. Bb6 Nd4+ 40. Ka6
Nxb3 41. Rc7+ Ke6 42. Rxg7 Nd2 43. f3 Nc4 44. Bc7 Rb4 45. Bxa5 Rxa4 46. Kb5
Rxa5+ 47. Kxc4 Ra2 48. Kd3 d5 49. exd5+ Kxd5 50. Ke3 f5 51. Rd7+ Ke6 52. Rd2
f4+ 53. Ke2 Ra6 1/2-1/2

[Event "4NCL/Div2/AD2 vs. SWD2"]
[Site "Telford ENG"]
[Date "2003.01.18"]
[Round "3.2"]
[White "Richmond, Peter A"]
[Black "Lyell, Mark"]
[Result "0-1"]
[WhiteElo "2254"]
[BlackElo "2242"]
[PlyCount "130"]
[EventDate "2003.01.18"]

1. e4 e5 2. Nf3 Nc6 3. Bb5 f5 4. d3 fxe4 5. dxe4 Nf6 6. O-O Bc5 7. Nc3 d6 8.
Bg5 O-O 9. Bc4+ Kh8 10. Nd5 Be6 11. c3 Ne7 12. b4 Bxd5 13. Bxd5 Nexd5 14. exd5
Bb6 15. c4 a5 16. a3 Qe8 17. Rc1 Ne4 18. Be3 Bxe3 19. fxe3 axb4 20. axb4 Ra3
21. Qe2 h6 22. c5 Qe7 23. cxd6 cxd6 24. Ra1 Rxa1 25. Rxa1 Qc7 26. Nh4 Qc3 27.
Ng6+ Kg8 28. Qe1 Qxe1+ 29. Rxe1 Rf2 30. Rc1 Rb2 31. h4 h5 32. Rc7 Rxb4 33. Ne7+
Kh7 34. Nf5 Kg6 35. Ne7+ Kh7 36. Nf5 Kg6 37. Ne7+ Kf6 38. Ng8+ Kf5 39. Rxg7 Nc3
40. Rg5+ Ke4 41. Nf6+ Kxe3 42. Rxh5 b5 43. g3 Rd4 44. Rf5 b4 45. h5 b3 46. Rf1
b2 47. h6 Ra4 48. h7 Ra1 49. h8=Q Rxf1+ 50. Kxf1 b1=Q+ 51. Kg2 Qc2+ 52. Kh3
Qf5+ 53. Kh4 Kf3 54. Qg7 Ne4 55. Nxe4 Qxe4+ 56. g4 Qf4 57. Kh5 e4 58. g5 e3 59.
Qc3 Qh2+ 60. Kg6 Qd2 61. Qf6+ Kg2 62. Qf4 Qd3+ 63. Kf6 e2 64. Qg4+ Kf2 65. Qh4+
Qg3 0-1

[Event "4NCL/Div2/AD2 vs. SWD2"]
[Site "Telford ENG"]
[Date "2003.01.18"]
[Round "3.3"]
[White "Broom, Mark"]
[Black "Trevelyan, John"]
[Result "1-0"]
[WhiteElo "2240"]
[BlackElo "2191"]
[PlyCount "57"]
[EventDate "2003.01.18"]

1. c4 Nc6 2. Nc3 e5 3. g3 Bc5 4. Bg2 f5 5. e3 Nf6 6. Nge2 d6 7. d4 Bb6 8. O-O
O-O 9. Nd5 Nxd5 10. cxd5 Ne7 11. dxe5 dxe5 12. Qb3 Kh8 13. Bd2 Bc5 14. Rac1 Bd6
15. Bb4 b6 16. Rfd1 Ba6 17. Rd2 Ng6 18. Bxd6 cxd6 19. Qa3 Bb7 20. Nc3 Qd7 21.
Bh3 Ne7 22. e4 Rfc8 23. Rcd1 Rc4 24. exf5 Nxf5 25. Bxf5 Qxf5 26. Qxd6 Rf8 27.
Qe6 Qg5 28. d6 Qh5 29. Qxc4 1-0

[Event "4NCL/Div2/AD2 vs. SWD2"]
[Site "Telford ENG"]
[Date "2003.01.18"]
[Round "3.4"]
[White "Blackburn, Jonathan LB"]
[Black "Graham, David B"]
[Result "1/2-1/2"]
[WhiteElo "2158"]
[BlackElo "2233"]
[PlyCount "41"]
[EventDate "2003.01.18"]

1. d4 d6 2. c4 Nf6 3. Nc3 g6 4. e4 Bg7 5. f3 O-O 6. Be3 e5 7. d5 c5 8. dxc6
Nxc6 9. Qd2 Qa5 10. Nd5 Qxd2+ 11. Kxd2 Be6 12. Bd3 Bxd5 13. cxd5 Nd4 14. Rc1
Rfc8 15. Ne2 Nd7 16. Rc3 Rc5 17. Rhc1 Rac8 18. b4 Rxc3 19. Rxc3 Rxc3 20. Kxc3
Nb6 21. Nxd4 1/2-1/2

[Event "4NCL/Div2/AD2 vs. SWD2"]
[Site "Telford ENG"]
[Date "2003.01.18"]
[Round "3.5"]
[White "Snape, Ian"]
[Black "May, Frank"]
[Result "1-0"]
[WhiteElo "2225"]
[BlackElo "2161"]
[PlyCount "57"]
[EventDate "2003.01.18"]

1. c4 e6 2. g3 d5 3. Bg2 Nf6 4. Nf3 Be7 5. O-O O-O 6. d4 c6 7. Nbd2 b5 8. b3 a5
9. Qc2 a4 10. c5 axb3 11. Qxb3 Nbd7 12. Bb2 Qa5 13. Bc3 Qa4 14. Rfe1 Bd8 15. h3
Bc7 16. Qb1 h6 17. a3 Re8 18. e4 dxe4 19. Nxe4 Nd5 20. Bb2 Qa7 21. Qc1 Qb8 22.
Ne5 Bxe5 23. dxe5 Nf8 24. Nf6+ gxf6 25. exf6 Kh7 26. Bxd5 cxd5 27. Re5 Kg6 28.
Rh5 Kxh5 29. Qd1+ 1-0

[Event "4NCL/Div2/AD2 vs. SWD2"]
[Site "Telford ENG"]
[Date "2003.01.18"]
[Round "3.6"]
[White "Spice, Alan"]
[Black "Wheeler, Darren P"]
[Result "0-1"]
[WhiteElo "2163"]
[BlackElo "2210"]
[PlyCount "110"]
[EventDate "2003.01.18"]

1. Nc3 d5 2. e4 e6 3. exd5 exd5 4. d4 Bb4 5. Bd3 Ne7 6. Nf3 Bg4 7. O-O Nbc6 8.
a3 Bxf3 9. gxf3 Bxc3 10. bxc3 O-O 11. Kh1 Qd6 12. a4 Rfe8 13. Rg1 Kh8 14. Qf1
Qe6 15. Qg2 Ng6 16. Bd2 Rg8 17. Rae1 Qd7 18. Qg5 Rae8 19. Rb1 Nd8 20. Qh5 Nf8
21. Rg3 g6 22. Rbg1 f6 23. Bh6 Qf7 24. Qg4 Nfe6 25. f4 f5 26. Qh4 Ng7 27. Bg5
Nh5 28. Re3 Ne6 29. Re5 Nxg5 30. Qxg5 Nf6 31. f3 c6 32. Rge1 Nd7 33. Rxe8 Rxe8
34. Qg1 Rxe1 35. Qxe1 Kg7 36. Qe2 Kf8 37. c4 Qe7 38. Qxe7+ Kxe7 39. cxd5 cxd5
40. Kg2 Kd6 41. Kf2 Nb6 42. a5 Nc4 43. Bxc4 dxc4 44. Ke3 Kd5 45. h3 h6 46. h4
h5 47. c3 Kc6 48. Kd2 Kb5 49. Ke3 Kxa5 50. d5 Kb6 51. Kd4 Kc7 52. Kxc4 Kd6 53.
Kd4 b5 54. c4 bxc4 55. Kxc4 a5 0-1

[Event "4NCL/Div2/AD2 vs. SWD2"]
[Site "Telford ENG"]
[Date "2003.01.18"]
[Round "3.7"]
[White "Ghasi, Sumeet K"]
[Black "Binks, Michael"]
[Result "1-0"]
[WhiteElo "2160"]
[BlackElo "2149"]
[PlyCount "63"]
[EventDate "2003.01.18"]

1. e4 e5 2. Nf3 Nc6 3. Bb5 a6 4. Ba4 Nf6 5. d3 d6 6. c3 Bd7 7. Bc2 g6 8. O-O
Bg7 9. Re1 O-O 10. Nbd2 h6 11. Nf1 d5 12. Ng3 dxe4 13. dxe4 Nh7 14. Qe2 Qf6 15.
h3 Rfd8 16. Nf1 Be6 17. Ne3 Ng5 18. Nxg5 hxg5 19. Bb3 Bxb3 20. axb3 Rd7 21. Qg4
Qd8 22. Nd5 f6 23. Rd1 Kf7 24. Be3 Qe8 25. Qf3 Ke6 26. Rd2 b6 27. Qg4+ Kf7 28.
Nxf6 Bxf6 29. Rxd7+ Kg8 30. Rad1 Nd8 31. Bxg5 Bxg5 32. Qxg5 1-0

[Event "4NCL/Div2/AD2 vs. SWD2"]
[Site "Telford ENG"]
[Date "2003.01.18"]
[Round "3.8"]
[White "Evans-Quek, Debbie"]
[Black "McIntosh, Doreen"]
[Result "1-0"]
[WhiteElo "2024"]
[BlackElo "1344"]
[PlyCount "33"]
[EventDate "2003.01.18"]

1. g3 d5 2. Bg2 c6 3. Nf3 Nf6 4. d3 Nbd7 5. O-O e5 6. c4 d4 7. Nbd2 Be7 8. a3
O-O 9. b4 Rb8 10. e3 dxe3 11. fxe3 Re8 12. d4 Bd6 13. Qb3 h6 14. Bb2 e4 15. Nh4
Qc7 16. Nf5 Nf8 17. Nxh6+ {Here the illegal moves 17....N8h7 18 Nf5 were
played; see next game for continuation from this position} 1-0

[Event "4NCL/Div2/ATH1 vs. WES1"]
[Site "Telford ENG"]
[Date "2003.01.19"]
[Round "4.1"]
[White "Spreeuw, Jaap"]
[Black "Webb, Richard M"]
[Result "1/2-1/2"]
[WhiteElo "2313"]
[BlackElo "2372"]
[PlyCount "38"]
[EventDate "2003.01.19"]

1. c4 c5 2. Nf3 Nf6 3. Nc3 d5 4. cxd5 Nxd5 5. d4 Nxc3 6. bxc3 g6 7. e3 Bg7 8.
Bd3 O-O 9. O-O Qc7 10. Ba3 Nd7 11. Rc1 b6 12. Qe2 Bb7 13. e4 e5 14. d5 Nf6 15.
Rcd1 Ne8 16. Nd2 Nd6 17. Nc4 Bc8 18. Nxd6 Qxd6 19. Bc1 Bd7 1/2-1/2

[Event "4NCL/Div2/ATH1 vs. WES1"]
[Site "Telford ENG"]
[Date "2003.01.19"]
[Round "4.2"]
[White "Rossiter, Philip J"]
[Black "van Voorthuijsen, Pieter W"]
[Result "1-0"]
[WhiteElo "2374"]
[BlackElo "2304"]
[PlyCount "79"]
[EventDate "2003.01.19"]

1. e4 c5 2. Nc3 Nc6 3. Bb5 d6 4. Bxc6+ bxc6 5. f4 g6 6. d3 Bg7 7. Nf3 Nf6 8.
O-O O-O 9. Qe1 Bg4 10. Nd2 d5 11. e5 Ne8 12. Na4 c4 13. dxc4 dxc4 14. Nxc4 Qd4+
15. Ne3 Bf5 16. Qa5 Bxc2 17. Nc5 Nc7 18. Qc3 Qxc3 19. bxc3 Bf5 20. Nxf5 gxf5
21. c4 Rfd8 22. Be3 f6 23. e6 Rd6 24. Rfd1 Rad8 25. Rxd6 Rxd6 26. Nb7 Rxe6 27.
Bxa7 Re4 28. a4 Rxc4 29. a5 Rb4 30. Nd8 Rxf4 31. Bb8 Rb4 32. Bxc7 Bh6 33. Bb6
Bf4 34. Bf2 Be5 35. Rd1 Ra4 36. Nxc6 Bc3 37. g3 Bxa5 38. Nxe7+ Kf7 39. Nxf5 Bc3
40. Nh4 1-0

[Event "4NCL/Div2/ATH1 vs. WES1"]
[Site "Telford ENG"]
[Date "2003.01.19"]
[Round "4.3"]
[White "Quinn, John M"]
[Black "Yeo, Michael J"]
[Result "1/2-1/2"]
[WhiteElo "2196"]
[BlackElo "2251"]
[PlyCount "82"]
[EventDate "2003.01.19"]

1. d4 d5 2. c4 Nc6 3. Nc3 dxc4 4. d5 Ne5 5. Bf4 Ng6 6. Bg3 e5 7. e4 Bd6 8. Bxc4
Nf6 9. h4 h6 10. f3 a6 11. Bf2 Nd7 12. Qc2 b5 13. Bf1 Nb6 14. Nge2 Bd7 15. g3
b4 16. Nd1 a5 17. Ne3 Ne7 18. g4 c6 19. dxc6 Nxc6 20. Nf5 Bf8 21. Rd1 Qc7 22.
Neg3 b3 23. Qxb3 Bb4+ 24. Ke2 Rb8 25. Nxg7+ Kf8 26. N3f5 Na7 27. Be3 Bb5+ 28.
Kf2 Ba4 29. Qd3 Bxd1 30. Qxd1 Rd8 31. Qb3 Nc6 32. Be2 Nd4 33. Bxd4 exd4 34. Bd3
Nd7 35. a3 Bd2 36. Nh5 Rb8 37. Qa2 Ne5 38. Be2 d3 39. Bd1 Qb6+ 40. Kg3 Ng6 41.
Qc4 Qb5 1/2-1/2

[Event "4NCL/Div2/ATH1 vs. WES1"]
[Site "Telford ENG"]
[Date "2003.01.19"]
[Round "4.4"]
[White "Corkett, Anthony R"]
[Black "Stevenson, James AB"]
[Result "1-0"]
[WhiteElo "2313"]
[BlackElo "2124"]
[PlyCount "69"]
[EventDate "2003.01.19"]

1. e4 Nf6 2. e5 Nd5 3. d4 d6 4. Nf3 dxe5 5. dxe5 Bg4 6. h3 Bxf3 7. Qxf3 e6 8.
a3 c6 9. Qg3 Nd7 10. Be2 Qc7 11. c4 Ne7 12. f4 Nf5 13. Qc3 Bc5 14. g4 Bd4 15.
Qf3 Nh4 16. Qg3 g5 17. Nc3 Bxc3+ 18. bxc3 O-O-O 19. O-O Ng6 20. fxg5 Qxe5 21.
Qe3 Rhf8 22. Rf2 Qxe3 23. Bxe3 c5 24. a4 a5 25. Rb1 b6 26. Kg2 Kb7 27. Kg3 Ka6
28. h4 Nde5 29. Bf1 Rd7 30. Rfb2 Rb8 31. Bxc5 Nd3 32. Rxb6+ Rxb6 33. Rxb6+ Ka7
34. Bg1 Ka8 35. Bg2+ 1-0

[Event "4NCL/Div2/ATH1 vs. WES1"]
[Site "Telford ENG"]
[Date "2003.01.19"]
[Round "4.5"]
[White "Milligan, Helen"]
[Black "Simons, Martin J"]
[Result "0-1"]
[WhiteElo "2111"]
[BlackElo "2262"]
[PlyCount "74"]
[EventDate "2003.01.19"]

1. e4 Nc6 2. d4 d5 3. exd5 Qxd5 4. Be3 e5 5. c3 Nf6 6. Nf3 Bg4 7. Be2 O-O-O 8.
O-O exd4 9. Nxd4 Bxe2 10. Qxe2 Nxd4 11. Bxd4 Bc5 12. Bxc5 Qxc5 13. Na3 Rhe8 14.
Qc4 Qxc4 15. Nxc4 b5 16. Ne3 Rd2 17. Rab1 g6 18. Rfd1 Red8 19. f3 Re2 20. Rxd8+
Kxd8 21. Nf1 Kc8 22. Ng3 Rc2 23. Kf1 Nd5 24. Ne2 Ne3+ 25. Kf2 Nxg2 26. Kxg2
Rxe2+ 27. Kg3 Kd7 28. h4 Ke6 29. a3 Rc2 30. Kf4 c5 31. Re1+ Kd6 32. Rd1+ Kc6
33. h5 Rxb2 34. Ke5 Re2+ 35. Kf4 Ra2 36. hxg6 hxg6 37. Ke5 Rxa3 0-1

[Event "4NCL/Div2/ATH1 vs. WES1"]
[Site "Telford ENG"]
[Date "2003.01.19"]
[Round "4.6"]
[White "Upton, Ian J"]
[Black "Gruettner, Ralf"]
[Result "1/2-1/2"]
[WhiteElo "2224"]
[BlackElo "2053"]
[PlyCount "39"]
[EventDate "2003.01.19"]

1. Nf3 g6 2. e4 Bg7 3. d4 d6 4. Nc3 e5 5. dxe5 dxe5 6. Qxd8+ Kxd8 7. Ng5 Nh6 8.
Bc4 f6 9. Ne6+ Bxe6 10. Bxe6 c6 11. Be3 Ke7 12. Bh3 Rd8 13. O-O Nf7 14. Rfd1
Nd7 15. Rd3 Nf8 16. Rxd8 Nxd8 17. Rd1 Nfe6 18. g3 Nf7 19. b3 Bh6 20. Bxh6
1/2-1/2

[Event "4NCL/Div2/ATH1 vs. WES1"]
[Site "Telford ENG"]
[Date "2003.01.19"]
[Round "4.7"]
[White "Pedersen, Carsten"]
[Black "Khoo, Teresa"]
[Result "1/2-1/2"]
[WhiteElo "1944"]
[BlackElo "2108"]
[PlyCount "58"]
[EventDate "2003.01.19"]

1. e4 c5 2. Nc3 Nc6 3. g3 g6 4. Bg2 Bg7 5. d3 e6 6. Be3 d6 7. f4 Nge7 8. Nf3
Nd4 9. O-O O-O 10. e5 Nef5 11. Bf2 dxe5 12. Nxe5 Rb8 13. Ne4 f6 14. Nc4 b6 15.
a4 Bb7 16. c3 Nc6 17. Re1 Qd7 18. a5 Bc8 19. axb6 axb6 20. b4 cxb4 21. Nxb6 Qc7
22. Nxc8 Qxc8 23. cxb4 Nxb4 24. Rc1 Qd8 25. Nc5 Nd4 26. Nb7 Qb6 27. Nc5 Qd6 28.
Nb7 Qb6 29. Nc5 Qd6 1/2-1/2

[Event "4NCL/Div2/ATH1 vs. WES1"]
[Site "Telford ENG"]
[Date "2003.01.19"]
[Round "4.8"]
[White "Pye, David E"]
[Black "Munro, Donald"]
[Result "1/2-1/2"]
[WhiteElo "2080"]
[BlackElo "1712"]
[PlyCount "106"]
[EventDate "2003.01.19"]

1. e4 d5 2. Nc3 dxe4 3. Nxe4 Qd5 4. Nc3 Qa5 5. d4 Nf6 6. Nf3 c6 7. Be2 Bf5 8.
O-O e6 9. Ne5 Nbd7 10. Nxd7 Nxd7 11. Bf4 Be7 12. Re1 O-O 13. a3 Nf6 14. Bd3
Bxd3 15. Qxd3 Nd5 16. Nxd5 cxd5 17. Re3 Rfc8 18. c3 Qd8 19. Rh3 g6 20. Qd2 Qf8
21. Bh6 Qd8 22. Re1 Bf6 23. Qf4 Bh8 24. Rf3 Qe7 25. Bg5 Qf8 26. Qh4 Rc7 27. Rh3
f6 28. Rxe6 Qf7 29. Rxf6 Bxf6 30. Bxf6 Rf8 31. Rf3 Qe6 32. Be5 Rxf3 33. Qd8+
Rf8 34. Qxc7 Qf7 35. Qxf7+ Kxf7 36. Kf1 Rc8 37. Ke2 b5 38. Bd6 Re8+ 39. Kd2 Kf6
40. Bc5 a6 41. Bd6 Kf5 42. Kd1 h5 43. Be5 g5 44. Kd2 h4 45. Kd3 Re7 46. Kd2 h3
47. gxh3 Rh7 48. Kd3 Rxh3+ 49. Bg3 Rh6 50. Be5 Rh7 51. Bg3 Kg4 52. Ke3 Rf7 53.
Ke2 Kf5 1/2-1/2

[Event "4NCL/Div2/SWD2 vs. BAR3"]
[Site "Telford ENG"]
[Date "2003.01.19"]
[Round "4.1"]
[White "James, David J"]
[Black "Sands, David A"]
[Result "1/2-1/2"]
[WhiteElo "2253"]
[BlackElo "2252"]
[PlyCount "35"]
[EventDate "2003.01.19"]

1. Nf3 Nf6 2. c4 g6 3. Nc3 Bg7 4. d4 d5 5. cxd5 Nxd5 6. e4 Nxc3 7. bxc3 c5 8.
Be3 Qa5 9. Qd2 Nc6 10. Rc1 cxd4 11. cxd4 Qxd2+ 12. Kxd2 O-O 13. Bb5 f5 14. exf5
Bxf5 15. Rhd1 Be6 16. Bc4 Bxc4 17. Rxc4 e6 18. Ke2 1/2-1/2

[Event "4NCL/Div2/SWD2 vs. BAR3"]
[Site "Telford ENG"]
[Date "2003.01.19"]
[Round "4.2"]
[White "Taylor, Peter"]
[Black "Richmond, Peter A"]
[Result "1/2-1/2"]
[WhiteElo "2226"]
[BlackElo "2254"]
[PlyCount "44"]
[EventDate "2003.01.19"]

1. c4 c6 2. e4 e5 3. d4 d6 4. Nc3 Be7 5. Be2 Nf6 6. Nf3 Nbd7 7. O-O O-O 8. Be3
Qc7 9. Rc1 Re8 10. d5 Nf8 11. Ne1 h6 12. Nd3 Ng6 13. b4 a5 14. a3 axb4 15. axb4
Ra3 16. f3 Rxc3 17. Rxc3 cxd5 18. Rc1 dxe4 19. fxe4 Nxe4 20. Bf3 Bg5 21. Bxg5
Nxg5 22. Bd5 Be6 1/2-1/2

[Event "4NCL/Div2/SWD2 vs. BAR3"]
[Site "Telford ENG"]
[Date "2003.01.19"]
[Round "4.3"]
[White "Rayner, Francis"]
[Black "Twyble, Michael S"]
[Result "1/2-1/2"]
[WhiteElo "2216"]
[BlackElo "2238"]
[PlyCount "41"]
[EventDate "2003.01.19"]

1. e4 c5 2. Nf3 d6 3. d4 cxd4 4. Nxd4 Nf6 5. Nc3 a6 6. Bg5 e6 7. f4 Qb6 8. Nb3
Nbd7 9. Qf3 Be7 10. O-O-O Qc7 11. Bd3 h6 12. Qh3 Nb6 13. f5 Bd7 14. Rhe1 e5 15.
Kb1 Bc6 16. Bh4 O-O-O 17. Bf2 Na4 18. Nd5 Bxd5 19. exd5 Kb8 20. c4 Nd7 21. Qg3
1/2-1/2

[Event "4NCL/Div2/SWD2 vs. BAR3"]
[Site "Telford ENG"]
[Date "2003.01.19"]
[Round "4.4"]
[White "Rich, Mark"]
[Black "Blackburn, Jonathan LB"]
[Result "0-1"]
[WhiteElo "2227"]
[BlackElo "2158"]
[PlyCount "48"]
[EventDate "2003.01.19"]

1. e4 e6 2. Qe2 c5 3. g3 Nc6 4. c3 Be7 5. Bg2 d5 6. d3 Nf6 7. Nf3 b6 8. e5 Nd7
9. O-O Qc7 10. Re1 Bb7 11. Na3 a6 12. Nc2 b5 13. d4 h6 14. h4 c4 15. h5 b4 16.
Bf4 a5 17. Ne3 Nb6 18. Rac1 Ba6 19. Nh2 Qd7 20. Qg4 O-O-O 21. Qxg7 Rdg8 22.
Qxf7 Nd8 23. Nxd5 Nxd5 24. Bxd5 Nxf7 0-1

[Event "4NCL/Div2/SWD2 vs. BAR3"]
[Site "Telford ENG"]
[Date "2003.01.19"]
[Round "4.5"]
[White "Trevelyan, John"]
[Black "Williamson, Paul L"]
[Result "1/2-1/2"]
[WhiteElo "2191"]
[BlackElo "2149"]
[PlyCount "64"]
[EventDate "2003.01.19"]

1. Nc3 b6 2. e4 Bb7 3. Bc4 e6 4. d3 Nc6 5. a3 Be7 6. Nf3 d6 7. d4 Nf6 8. d5
exd5 9. exd5 Na5 10. Be2 Bc8 11. b4 Nb7 12. Nd4 O-O 13. O-O a6 14. Bd3 Re8 15.
Nc6 Qd7 16. Qf3 Ng4 17. Bd2 Ne5 18. Nxe5 dxe5 19. Qh5 g6 20. Qh6 Bf8 21. Qe3
Nd6 22. Ne4 Bg7 23. c4 Nxe4 24. Bxe4 f5 25. Bc2 Bb7 26. Bb3 Kh8 27. Bc3 b5 28.
Rad1 bxc4 29. Bxc4 Qd6 30. Rfe1 Rad8 31. f4 e4 32. g3 Bxc3 1/2-1/2